[Event "Olimpiade 2014 - Open"]
[Site "Tromsø"]
[Date "02.08.2014"]
[Round "1.65"]
[Board "2"]
[White "Mwanyika, Geoffrey"]
[Black "Shaw, John"]
[Result "0-1"]
[BlackTitle "GM"]
[WhiteElo "1922"]
[BlackElo "2419"]
[WhiteTeam "Tanzania"]
[BlackTeam "Scotland"]
[WhiteFideId "10002294"]
[BlackFideId "2400553"]
[EventDate "2014.08.02"]

1. e4 c5 2. Nc3 Nc6 3. Bc4 e6 4. Nf3 a6 5. a4 Nf6 6. e5 Ng4 7. Qe2 Qc7 8. d3
Ngxe5 9. Nxe5 Qxe5 10. Qxe5 Nxe5 11. f4 Nc6 12. Ne2 d5 13. Bb3 Bd6 14. c3 O-O
15. O-O Bd7 16. Be3 b5 17. axb5 axb5 18. d4 c4 19. Bc2 b4 20. Ba4 Nxd4 21. Bxd7
Nxe2+ 22. Kf2 Nxf4 23. Bxf4 Bxf4 24. cxb4 Be5 25. Ra3 Bxb2 26. Rxa8 Bd4+ 27. Ke2
Rxa8 28. b5 Ra2+ 29. Kf3 Kf8 30. Rb1 Ke7 31. Bc6 Bb6 32. Re1 Kd6 33. h3 Rf2+ 34.
Kg3 c3 35. Rc1 c2 36. Be8 Be3 37. b6 Bxc1 38. Kxf2 Be3+ 39. Kxe3 c1=Q+ 40. Kf3
Qc3+ 41. Ke2 Ke7 42. b7 Qb2+ 43. Kf1 Kxe8 44. b8=Q+ Qxb8 45. g4 Qh2 0-1

[Event "Olimpiade 2014 - Open"]
[Site "Tromsø"]
[Date "02.08.2014"]
[Round "1.65"]
[Board "3"]
[White "Tate, Alan"]
[Black "Mlawa, Hemed"]
[Result "1-0"]
[WhiteTitle "FM"]
[WhiteElo "2347"]
[BlackElo "1799"]
[WhiteTeam "Scotland"]
[BlackTeam "Tanzania"]
[WhiteFideId "2401878"]
[BlackFideId "10002251"]
[EventDate "2014.08.02"]

1. e4 c5 2. Nf3 d6 3. Bb5+ Bd7 4. c4 a6 5. Bxd7+ Qxd7 6. O-O Nc6 7. d4 cxd4 8.
Nxd4 g6 9. b3 Nf6 10. Bb2 Bg7 11. Re1 O-O 12. Nc3 e6 13. Nxc6 Qxc6 14. Qd3 Rfd8
15. Rac1 Nd7 16. Qe2 Rac8 17. h3 b6 18. Kh1 Nf6 19. Qf3 Nd7 20. Qe3 Nf6 21. Qf4
Nh5 22. Qg5 Qc5 23. Qd2 Qc6 24. Ba1 Nf6 25. Kg1 Qb7 26. Rcd1 Rd7 27. Qd3 Rcd8
28. Qe2 Qc6 29. Rd2 Qb7 30. Rdd1 Qc6 31. Bb2 Qb7 32. a4 Qc6 33. Qf3 Qc5 34. Ba1
Qc6 35. Bb2 Qc5 36. Ba1 Qc6 37. Rd3 Qc5 38. Red1 Qc6 39. Qe2 h5 40. Qf3 Kh7 41.
Bb2 Ne8 42. Bc1 Bh6 43. Bxh6 Kxh6 44. g4 Qc5 45. Qg3 Qg5 46. f4 Qc5+ 47. Kg2
hxg4 48. hxg4 Kg7 49. g5 Qc8 50. Rh1 Nc7 51. f5 exf5 52. exf5 gxf5 53. Qh4 Rh8
54. Qd4+ f6 55. Qxf6+ 1-0

[Event "Olimpiade 2014 - Open"]
[Site "Tromsø"]
[Date "02.08.2014"]
[Round "1.66"]
[Board "1"]
[White "Banlock, Benjamin Didier"]
[Black "Amonatov, Farrukh"]
[Result "0-1"]
[BlackTitle "GM"]
[WhiteElo "2054"]
[BlackElo "2590"]
[WhiteTeam "Cameroon"]
[BlackTeam "Tajikistan"]
[WhiteFideId "15800059"]
[BlackFideId "14700077"]
[EventDate "2014.08.02"]

1. d4 Nf6 2. c4 g6 3. Nc3 Bg7 4. e4 d6 5. Nf3 O-O 6. Be2 e5 7. O-O exd4 8. Nxd4
Nc6 9. Be3 Re8 10. f3 Nh5 11. Qd2 f5 12. Nxc6 bxc6 13. Bd3 c5 14. Rae1 Be6 15.
b3 f4 16. Bf2 Be5 17. Ne2 g5 18. Rb1 a5 19. Kh1 Qf6 20. a3 Qh6 21. Kg1 g4 22.
fxg4 Bxg4 23. Ng3 Nxg3 24. Bxg3 Rf8 25. Bf2 Qh5 26. Rfe1 Kh8 27. b4 axb4 28.
axb4 Rg8 29. Kh1 Bh3 30. Rg1 Bxg2+ 31. Rxg2 f3 32. Rxg8+ Rxg8 33. Bg1 Rg2 34.
Rd1 Bxh2 35. Qxg2 fxg2+ 36. Kxg2 Qxd1 37. Kxh2 Qd2+ 38. Kh1 Qxd3 39. bxc5 Qxe4+
40. Kh2 dxc5 41. Kh3 Qxc4 42. Kg2 Qe2+ 43. Kg3 c4 0-1

[Event "Olimpiade 2014 - Open"]
[Site "Tromsø"]
[Date "02.08.2014"]
[Round "1.66"]
[Board "2"]
[White "Khusenkhojaev, Muhammad"]
[Black "Agbor Ebot, John"]
[Result "1-0"]
[WhiteTitle "IM"]
[WhiteElo "2410"]
[BlackElo "1931"]
[WhiteTeam "Tajikistan"]
[BlackTeam "Cameroon"]
[WhiteFideId "14700247"]
[BlackFideId "16400216"]
[EventDate "2014.08.02"]

1. Nf3 Nf6 2. c4 g6 3. g3 Bg7 4. Bg2 d6 5. d4 c6 6. O-O O-O 7. Nc3 Qa5 8. h3 Be6
9. d5 cxd5 10. Nd4 dxc4 11. Nxe6 fxe6 12. Bxb7 Nbd7 13. Bxa8 Rxa8 14. Qa4 Qxa4
15. Nxa4 Nb6 16. Nc3 d5 17. Rd1 Rd8 18. Be3 Nfd7 19. Rac1 Rc8 20. Rc2 Kf7 21. f4
h5 22. Bd4 Bh6 23. e4 g5 24. fxg5 Bxg5 25. Bxb6 axb6 26. exd5 exd5 27. Rxd5 Be3+
28. Kg2 Nf6 29. Rd1 Rg8 30. Nd5 Bc5 31. Nxf6 Kxf6 32. Rxc4 Bd6 33. Rd3 b5 34.
Rcd4 Rc8 35. a3 Be5 36. Rd5 h4 37. g4 Ke6 38. Rxb5 Rc2+ 39. Kf3 Bxb2 40. g5 Bc1
41. Kg4 Rc4+ 42. Kh5 Kf7 43. Rf3+ Ke6 44. g6 Rc8 45. g7 1-0

[Event "Olimpiade 2014 - Open"]
[Site "Tromsø"]
[Date "02.08.2014"]
[Round "1.66"]
[Board "4"]
[White "Kabilov, Amin"]
[Black "Makem, Pierre"]
[Result "1-0"]
[BlackTitle "CM"]
[WhiteElo "2181"]
[BlackElo "1928"]
[WhiteTeam "Tajikistan"]
[BlackTeam "Cameroon"]
[WhiteFideId "14700859"]
[BlackFideId "11000805"]
[EventDate "2014.08.02"]

1. e4 d6 2. Nf3 g6 3. g3 Bg7 4. Bg2 Nf6 5. d3 c5 6. O-O Nc6 7. c3 c4 8. dxc4
Nxe4 9. Nd4 Nxd4 10. cxd4 Nf6 11. Nc3 O-O 12. h3 Rb8 13. Re1 Bd7 14. Bf4 Nh5 15.
Bg5 Re8 16. Nd5 f6 17. Be3 Bf8 18. Rc1 Bc6 19. b4 e6 20. b5 Bxd5 21. cxd5 e5 22.
Qa4 Ng7 23. dxe5 fxe5 24. Qxa7 Qd7 25. Qb6 Rec8 26. g4 Be7 27. Qa5 Ra8 28. Rxc8+
Qxc8 29. Qd2 Qc4 30. Bf1 Qxa2 31. Qxa2 Rxa2 32. Rc1 Ne8 33. Rc8 Kf7 34. Rb8 Nf6
35. Rxb7 Ra4 36. Rc7 h5 37. b6 Rb4 38. gxh5 gxh5 39. Ba6 Ne4 40. b7 Nc5 41. Bxc5
dxc5 42. d6 Ke6 43. dxe7 Kd5 1-0

[Event "Olimpiade 2014 - Open"]
[Site "Tromsø"]
[Date "02.08.2014"]
[Round "1.67"]
[Board "1"]
[White "Goh, Wei Ming Kevin"]
[Black "Fancy, Stuart"]
[Result "1-0"]
[WhiteTitle "IM"]
[BlackTitle "FM"]
[WhiteElo "2433"]
[BlackElo "2036"]
[WhiteTeam "Singapore"]
[BlackTeam "Papua New Guinea"]
[WhiteFideId "5800706"]
[BlackFideId "9100024"]
[EventDate "2014.08.02"]

1. e4 e5 2. Bc4 Bc5 3. Nc3 d6 4. d3 Nf6 5. Na4 Bg4 6. Qd2 Bb6 7. Nxb6 axb6 8. f4
Nc6 9. h3 Be6 10. Bb5 exf4 11. Qxf4 O-O 12. Bxc6 bxc6 13. Ne2 c5 14. O-O Nd7 15.
Qg3 Ne5 16. b3 Ng6 17. Bb2 Qh4 18. Qxh4 Nxh4 19. Nf4 Ng6 20. Nh5 Ne5 21. a4 f6
22. g4 c6 23. Kh2 b5 24. Kg3 c4 25. d4 Ng6 26. axb5 cxb5 27. g5 Rxa1 28. Rxa1
fxg5 29. d5 Bd7 30. Ra7 Rf7 31. Bxg7 Bc8 32. Ra8 Rc7 33. b4 Kf7 34. Bh6 Ne5 35.
Bxg5 Bb7 36. Ra7 Kg6 37. Nf4+ Kf7 38. Ne6 1-0

[Event "Olimpiade 2014 - Open"]
[Site "Tromsø"]
[Date "02.08.2014"]
[Round "1.67"]
[Board "2"]
[White "Jones, Rupert"]
[Black "Gong, Qianyun"]
[Result "0-1"]
[WhiteTitle "FM"]
[BlackTitle "WIM"]
[WhiteElo "1899"]
[BlackElo "2328"]
[WhiteTeam "Papua New Guinea"]
[BlackTeam "Singapore"]
[WhiteFideId "9100121"]
[BlackFideId "8602425"]
[EventDate "2014.08.02"]

1. e4 e6 2. d4 d5 3. e5 c5 4. c3 Nc6 5. Nf3 Qb6 6. a3 c4 7. Be2 Na5 8. Nbd2 Bd7
9. O-O Ne7 10. Ng5 h6 11. Nh3 O-O-O 12. Rb1 Qc7 13. b4 cxb3 14. Bb2 Kb8 15. Nf4
Nc8 16. Nd3 Nb6 17. Qc1 Nbc4 18. Nb4 Nxd2 19. Qxd2 Nc4 20. Qc1 Bb5 21. Nd3 Rc8
22. Re1 Nxb2 23. Qxb2 Qxc3 24. Qxb3 Qxb3 25. Rxb3 Bc4 26. Rc3 Be7 27. h3 a5 28.
Bf1 Rc6 29. a4 Rhc8 30. Rec1 Bb5 31. Rxc6 Bxc6 32. Nb2 Ba3 33. Rc2 Bd7 0-1

[Event "Olimpiade 2014 - Open"]
[Site "Tromsø"]
[Date "02.08.2014"]
[Round "1.68"]
[Board "1"]
[White "Hasford, John Kojo"]
[Black "Matamoros Franco, Carlos S."]
[Result "0-1"]
[BlackTitle "GM"]
[WhiteElo "2055"]
[BlackElo "2525"]
[WhiteTeam "Ghana"]
[BlackTeam "Ecuador"]
[WhiteFideId "12600083"]
[BlackFideId "3600017"]
[EventDate "2014.08.02"]

1. d4 Nf6 2. Nf3 g6 3. c4 Bg7 4. Nc3 O-O 5. Bg5 c5 6. d5 d6 7. e4 h6 8. Bd2 e6
9. Bd3 exd5 10. cxd5 Bg4 11. h3 Bxf3 12. Qxf3 Nbd7 13. O-O a6 14. Bf4 Qb6 15.
Rac1 Nh5 16. Na4 Qa5 17. Nc3 Nxf4 18. Qxf4 Ne5 19. Bb1 b5 20. b3 c4 21. Qe3 Rac8
22. Ne2 Nd3 23. Bxd3 cxd3 24. Qxd3 Qxa2 25. Rc6 Qa3 26. Rfc1 Rce8 27. f4 Qb4 28.
Ng3 a5 29. Kh1 a4 30. bxa4 bxa4 31. Rb1 Bb2 32. e5 a3 33. Rxd6 Qxf4 34. Rxg6+
fxg6 35. Qxg6+ Kh8 36. Rf1 Qg5 0-1

[Event "Olimpiade 2014 - Open"]
[Site "Tromsø"]
[Date "02.08.2014"]
[Round "1.68"]
[Board "2"]
[White "Munoz Sanchez, Miguel"]
[Black "Anquandah, Francis Eric"]
[Result "1-0"]
[WhiteTitle "IM"]
[WhiteElo "2296"]
[BlackElo "1963"]
[WhiteTeam "Ecuador"]
[BlackTeam "Ghana"]
[WhiteFideId "3600734"]
[BlackFideId "12600148"]
[EventDate "2014.08.02"]

1. e4 d5 2. exd5 Qxd5 3. Nc3 Qa5 4. d4 c6 5. Nf3 Bf5 6. Bc4 e6 7. Bd2 Qc7 8. Qe2
Nf6 9. O-O-O Nbd7 10. Ne5 Nxe5 11. dxe5 Nd7 12. g4 Bg6 13. f4 O-O-O 14. Rhf1 Nb6
15. Bb3 h6 16. f5 exf5 17. gxf5 Bh7 18. e6 Nd5 19. Nxd5 cxd5 20. Bf4 Bd6 21.
Bxd6 Rxd6 22. Rxd5 fxe6 23. Rxd6 Qxd6 24. Qxe6+ Kc7 25. Qxd6+ Kxd6 26. f6 g5 27.
f7 Ke7 28. Re1+ Kf6 29. Re8 1-0

[Event "Olimpiade 2014 - Open"]
[Site "Tromsø"]
[Date "02.08.2014"]
[Round "1.69"]
[Board "1"]
[White "Gonzalez Acosta, Bernal"]
[Black "Sanon, Mondoly"]
[Result "1-0"]
[WhiteTitle "IM"]
[WhiteElo "2469"]
[BlackElo "2012"]
[WhiteTeam "Costa Rica"]
[BlackTeam "Haiti"]
[WhiteFideId "6500170"]
[BlackFideId "11900059"]
[EventDate "2014.08.02"]

1. d4 d5 2. c4 e6 3. Nf3 c6 4. g3 Nf6 5. Bg2 Nbd7 6. Qc2 Bb4+ 7. Bd2 Bxd2+ 8.
Nbxd2 O-O 9. O-O Nb6 10. b3 Nbd7 11. e4 dxe4 12. Nxe4 Nxe4 13. Qxe4 Nf6 14. Qe3
Qc7 15. Ne5 Bd7 16. Rfd1 Rad8 17. h3 Bc8 18. a4 a6 19. Kh2 Ne8 20. Rac1 f6 21.
Nd3 Nd6 22. d5 Nf5 23. Qc5 e5 24. dxc6 b6 25. Qa3 Nd4 26. Nb4 Kh8 27. c5 b5 28.
axb5 axb5 29. Ra1 Qf7 30. Qb2 Qh5 31. Qc3 Be6 32. Nc2 Nxb3 33. Rxd8 Rxd8 34. c7
Rg8 35. Ra7 Qf5 36. Ra6 Bf7 37. Ra3 Qe6 38. Bb7 Qf5 39. Rxb3 Qxf2+ 40. Bg2 Bxb3
41. Qxb3 Qxc5 42. Ne3 Qxc7 43. Qxb5 Rb8 44. Qa4 Qf7 45. Nc4 g5 46. Qc6 Rd8 47.
Be4 Rd4 48. Nd6 Rd2+ 49. Bg2 Qe6 50. Qa8+ Kg7 51. Qb7+ Kg6 52. Ne4 Rd4 53. g4 f5
54. Ng3 f4 55. Qe4+ Kg7 56. Qb7+ Qf7 57. Nh5+ Kf8 58. Qc8+ Ke7 59. Qc7+ Ke6 60.
Qb6+ Ke7 61. Qb7+ Ke6 62. Qa6+ Ke7 1-0

[Event "Olimpiade 2014 - Open"]
[Site "Tromsø"]
[Date "02.08.2014"]
[Round "1.69"]
[Board "2"]
[White "Luxama, Jacques Muller"]
[Black "Minero Pineda, Sergio"]
[Result "0-1"]
[BlackTitle "IM"]
[WhiteElo "1893"]
[BlackElo "2384"]
[WhiteTeam "Haiti"]
[BlackTeam "Costa Rica"]
[WhiteFideId "11900113"]
[BlackFideId "6500374"]
[EventDate "2014.08.02"]

1. e4 e6 2. d4 d5 3. exd5 exd5 4. Bd3 c5 5. c3 Nc6 6. Nf3 c4 7. Be2 Bd6 8. O-O
Nge7 9. b3 cxb3 10. axb3 O-O 11. Qc2 Re8 12. Bd3 h6 13. h3 Be6 14. Be3 Qd7 15.
Qd2 Bxh3 16. gxh3 Qxh3 17. Qd1 Nf5 18. Bxf5 Qxf5 19. Ne5 Nxe5 20. dxe5 Qg6+ 21.
Kh1 Rxe5 22. Nd2 Rh5+ 23. Qxh5 Qxh5+ 24. Kg2 Qg4+ 0-1

[Event "Olimpiade 2014 - Open"]
[Site "Tromsø"]
[Date "02.08.2014"]
[Round "1.70"]
[Board "2"]
[White "Djurhuus, Rune"]
[Black "Joseph, Elton"]
[Result "1-0"]
[WhiteTitle "GM"]
[WhiteElo "2436"]
[BlackElo "1779"]
[WhiteTeam "Norway 3"]
[BlackTeam "Bahamas"]
[WhiteFideId "1500082"]
[BlackFideId "10400036"]
[EventDate "2014.08.02"]

1. e4 b6 2. d4 Bb7 3. Bd3 g6 4. h4 Bg7 5. Nf3 d6 6. h5 Nc6 7. c3 Qd7 8. Qe2 Nf6
9. h6 Bf8 10. Bg5 Nh5 11. Nbd2 f6 12. Be3 a6 13. d5 Ne5 14. Nd4 c6 15. dxc6 Nxc6
16. Nxc6 Qxc6 17. g4 Ng7 18. hxg7 Bxg7 19. O-O-O Qa4 20. Kb1 b5 21. Bc2 Qa5 22.
Bb3 b4 23. Qc4 d5 24. exd5 bxc3 25. d6 c2+ 26. Qxc2 Bxh1 27. Rxh1 Qd8 28. Qc6+
Kf8 29. dxe7+ Qxe7 30. Qxa8+ 1-0

[Event "Olimpiade 2014 - Open"]
[Site "Tromsø"]
[Date "02.08.2014"]
[Round "1.70"]
[Board "3"]
[White "Knowles, Kendrick"]
[Black "Hauge, Lars Oskar"]
[Result "0-1"]
[BlackTitle "FM"]
[WhiteElo "1688"]
[BlackElo "2346"]
[WhiteTeam "Bahamas"]
[BlackTeam "Norway 3"]
[WhiteFideId "10400451"]
[BlackFideId "1509276"]
[EventDate "2014.08.02"]

1. e4 c5 2. Nf3 d6 3. d4 cxd4 4. Nxd4 Nf6 5. Nc3 a6 6. Be3 e5 7. Nb3 Be6 8. Qd2
Be7 9. Be2 O-O 10. O-O b5 11. f3 Nbd7 12. Rfd1 Nb6 13. Qe1 Qc7 14. Qf2 Rab8 15.
Rab1 b4 16. Bxb6 Rxb6 17. Nd5 Bxd5 18. exd5 Bd8 19. Rbc1 Qd7 20. Bc4 Rb8 21. Qe2
a5 22. Nd2 Nh5 23. g3 g6 24. Kg2 f5 25. Nf1 Nf6 26. c3 g5 27. cxb4 axb4 28. Bb3
g4 29. Nd2 gxf3+ 30. Nxf3 Bb6 31. Rc4 Ng4 32. Rxb4 Ne3+ 33. Kh1 Nxd1 34. Qxd1
Bc5 35. Rh4 Qg7 36. Qc1 Rbc8 37. Ng5 Ba7 38. Qd2 Qc7 39. Rxh7 Qc1+ 40. Qxc1
Rxc1+ 41. Kg2 Rg1+ 42. Kh3 Be3 43. Rh5 e4 44. Ne6 Rf6 45. Bc4 Rb1 46. b3 Rb2 47.
a4 Bg1 48. Rg5+ Kh7 49. g4 Rh6+ 50. Rh5 fxg4+ 51. Kxg4 Rg2+ 52. Kf5 Rxh5+ 53.
Kxe4 Re5+ 54. Kf3 Rxh2 55. Nf8+ Kg7 56. Ne6+ Kf6 57. a5 Rf2+ 58. Kg3 Re3+ 59.
Kg4 Bh2 60. a6 Be5 61. Kh4 Rh2+ 0-1

[Event "Olimpiade 2014 - Open"]
[Site "Tromsø"]
[Date "02.08.2014"]
[Round "1.70"]
[Board "4"]
[White "Holm, Kristian Stuvik"]
[Black "Moncur, Cecil"]
[Result "1-0"]
[WhiteTitle "FM"]
[WhiteElo "2275"]
[BlackElo "1689"]
[WhiteTeam "Norway 3"]
[BlackTeam "Bahamas"]
[WhiteFideId "1508083"]
[BlackFideId "10400583"]
[EventDate "2014.08.02"]

1. d4 g6 2. c4 Bg7 3. Nf3 d6 4. Nc3 Nc6 5. d5 Ne5 6. Nxe5 Bxe5 7. e4 Nf6 8. Bd3
O-O 9. O-O c6 10. Kh1 cxd5 11. exd5 Bd7 12. Qb3 Qb6 13. Qc2 Bd4 14. f3 Kg7 15.
Bg5 h6 16. Bd2 Rac8 17. Rae1 Rce8 18. b3 Rh8 19. Ne2 h5 20. Nxd4 Qxd4 21. Be3
Qh4 22. Bxa7 e5 23. dxe6 Rxe6 24. Rxe6 Bxe6 25. Bf2 Qg5 26. Bd4 Qf4 27. Qb2 h4
28. Kg1 Ra8 29. a4 Ra5 30. Kf2 Rg5 31. Re1 d5 32. c5 Rh5 33. a5 g5 34. Be5 Qb4
35. Bxf6+ Kg8 36. Qc3 Qxc3 37. Bxc3 g4 38. fxg4 Bxg4 39. Re8# 1-0

[Event "Olimpiade 2014 - Open"]
[Site "Tromsø"]
[Date "02.08.2014"]
[Round "1.71"]
[Board "1"]
[White "Ziska, Helgi Dam"]
[Black "Lodhi, Mahmood"]
[Result "1-0"]
[WhiteTitle "IM"]
[BlackTitle "IM"]
[WhiteElo "2507"]
[BlackElo "2335"]
[WhiteTeam "Faroe Isles"]
[BlackTeam "Pakistan"]
[WhiteFideId "7200595"]
[BlackFideId "7800010"]
[EventDate "2014.08.02"]

1. e4 e5 2. Nc3 Nc6 3. Bc4 Nf6 4. d3 Bc5 5. f4 d6 6. Nf3 O-O 7. Na4 Nd7 8. f5
Na5 9. Bg5 Qe8 10. Nxc5 dxc5 11. Bb5 c6 12. Ba4 h6 13. Bd2 Qd8 14. c4 Qc7 15.
O-O b6 16. Qe1 Nb7 17. Qg3 Qd6 18. f6 Nxf6 19. Qxe5 Qxd3 20. Bxc6 Qxc4 21. Bxh6
Qe6 22. Qxe6 fxe6 23. Bg5 a6 24. Ne5 Ra7 25. Ng6 Rf7 26. e5 Nd5 27. Be8 Na5 28.
b3 c4 29. b4 Nxb4 30. Bxf7+ Rxf7 31. Ne7+ Rxe7 32. Bxe7 Nd5 33. Rf8+ Kh7 34.
Rxc8 Nxe7 35. Ra8 Nd5 36. Rc1 c3 37. Rxa6 Nc4 38. Ra8 Kg6 39. Rc8 Nxe5 40. R1xc3
Nxc3 41. Rxc3 Kf7 42. Rb3 Nd7 43. Kf2 e5 44. g4 Ke6 45. h4 Kf6 46. Ke3 Ke6 47.
Rb2 Ke7 48. Rd2 Ke6 49. Rxd7 Kxd7 50. Ke4 Ke6 51. g5 b5 52. a3 1-0

[Event "Olimpiade 2014 - Open"]
[Site "Tromsø"]
[Date "02.08.2014"]
[Round "1.72"]
[Board "1"]
[White "Manuel, Enofre Efren D."]
[Black "Collutiis, Duilio"]
[Result "0-1"]
[BlackTitle "IM"]
[WhiteElo "1950"]
[BlackElo "2463"]
[WhiteTeam "Guam"]
[BlackTeam "ICCD"]
[WhiteFideId "31000053"]
[BlackFideId "805475"]
[EventDate "2014.08.02"]

1. e4 c5 2. Nf3 Nc6 3. d4 cxd4 4. Nxd4 Qc7 5. Nc3 e6 6. Be2 a6 7. Be3 b5 8. O-O
Bb7 9. a3 Rc8 10. Qd2 Nf6 11. f4 h5 12. Kh1 Na5 13. e5 Ng4 14. Bg1 Nc4 15. Bxc4
Qxc4 16. Rad1 Qc7 17. Nf3 Be7 18. Qd4 Nh6 19. Rd2 Nf5 20. Qf2 h4 21. Ne2 h3 22.
g3 g5 23. fxg5 Bxg5 24. Nd4 Be3 25. Qxe3 Nxe3 26. Bxe3 Qxe5 27. Bf4 Qh5 28. Kg1
f6 29. Bd6 Rg8 30. Rd3 Be4 31. Re3 Qd5 32. Bb4 Bxf3 33. Nxf3 Rxc2 0-1

[Event "Olimpiade 2014 - Open"]
[Site "Tromsø"]
[Date "02.08.2014"]
[Round "1.72"]
[Board "3"]
[White "Orio, Rogelio L."]
[Black "Anarkulov, Alisher"]
[Result "0-1"]
[WhiteElo "1755"]
[BlackElo "2222"]
[WhiteTeam "Guam"]
[BlackTeam "ICCD"]
[WhiteFideId "31000118"]
[BlackFideId "14201038"]
[EventDate "2014.08.02"]

1. d4 Nf6 2. Nf3 g6 3. Nc3 d5 4. Bg5 Ne4 5. Bf4 Bg7 6. e3 O-O 7. Bd3 Nxc3 8.
bxc3 c5 9. Rb1 Nc6 10. h4 h5 11. Ne5 Nxe5 12. dxe5 Qa5 13. O-O Qxc3 14. e6 f5
15. Be2 Rd8 16. Rb3 Qf6 17. Bc7 Rf8 18. Bf3 Bxe6 19. Rxb7 Bc8 20. Rb1 e6 21. g3
Ba6 22. Re1 Rac8 23. Bf4 Rf7 24. Qc1 Bc4 25. a4 Qc3 26. Rd1 e5 27. Bg5 d4 28.
Bg2 e4 29. exd4 Bxd4 30. Bd2 Qxg3 31. Be3 Bxe3 32. Qxe3 Qxh4 33. Rd6 Kh7 34.
Rbd1 Qg4 35. Rd8 Rxd8 36. Rxd8 Rb7 37. Qc3 Rb1+ 38. Kh2 Qh4+ 39. Bh3 Qxf2+ 40.
Bg2 Qh4+ 41. Bh3 Qf4+ 42. Qg3 Rh1+ 43. Kxh1 Qxg3 44. Rd7+ Kh6 45. Bg2 Be2 46. c4
Bf3 47. Bxf3 exf3 48. Rd2 Qe1+ 0-1

[Event "Olimpiade 2014 - Open"]
[Site "Tromsø"]
[Date "02.08.2014"]
[Round "1.74"]
[Board "1"]
[White "Ndikumana, Yves"]
[Black "Wang, Puchen"]
[Result "0-1"]
[BlackTitle "IM"]
[WhiteElo "2030"]
[BlackElo "2449"]
[WhiteTeam "Burundi"]
[BlackTeam "New Zealand"]
[WhiteFideId "20300018"]
[BlackFideId "4300904"]
[EventDate "2014.08.02"]

1. d4 Nf6 2. c4 g6 3. Bg5 Bg7 4. Nf3 c5 5. Nc3 cxd4 6. Qxd4 Nc6 7. Qd2 h6 8. Bh4
d6 9. e3 O-O 10. Be2 Bg4 11. h3 Bxf3 12. Bxf3 Ne5 13. Be2 Rc8 14. b3 Qa5 15. f4
Ned7 16. O-O b5 17. Rad1 b4 18. Nb1 Qb6 19. Bf3 Rfe8 20. Bf2 Nc5 21. Qc2 e5 22.
g3 e4 23. Be2 Red8 24. Rd2 a5 25. Qd1 Ra8 26. Rc2 a4 27. Nd2 Re8 28. Qb1 Nfd7
29. Rd1 f5 30. Kg2 Kh7 31. Rcc1 Ra7 32. Qc2 Rea8 33. Rb1 axb3 34. axb3 Ra2 35.
Qc1 Nd3 36. Bxd3 exd3 37. Nf3 Rc2 38. Rxd3 Rxc1 39. Rxc1 Nc5 40. Rd5 Ra2 41. Nd2
Rxd2 42. Rxd2 Nxb3 43. e4 Qc6 0-1

[Event "Olimpiade 2014 - Open"]
[Site "Tromsø"]
[Date "02.08.2014"]
[Round "1.74"]
[Board "3"]
[White "Ntagasigumwami, Deo"]
[Black "Ker, Anthony F"]
[Result "0-1"]
[BlackTitle "IM"]
[WhiteElo "1817"]
[BlackElo "2316"]
[WhiteTeam "Burundi"]
[BlackTeam "New Zealand"]
[WhiteFideId "20300034"]
[BlackFideId "4300084"]
[EventDate "2014.08.02"]

1. d4 d6 2. c4 e5 3. dxe5 dxe5 4. Qxd8+ Kxd8 5. e4 Be6 6. Nf3 f6 7. Be3 Nd7 8.
Be2 Bb4+ 9. Nbd2 c6 10. O-O a5 11. Rfd1 Kc7 12. a3 Bc5 13. Nf1 b6 14. Ne1 Ne7
15. b3 Bxe3 16. Nxe3 Nc5 17. f3 Nxb3 18. Rab1 Nd4 19. Bf1 Rhd8 20. Rb2 a4 21.
Kf2 Rd7 22. N1c2 Rad8 23. Nxd4 Rxd4 24. Ke1 f5 25. Rxd4 exd4 26. Nxf5 Nxf5 27.
exf5 Bxf5 28. Re2 Bd3 29. Rd2 Re8+ 30. Kf2 Bxf1 31. Kxf1 c5 32. Rd3 Kc6 33. g4
b5 34. cxb5+ Kxb5 35. Kf2 Kc4 36. Rd1 Kb3 37. Rb1+ Kc2 38. Rb5 Re5 39. f4 Rd5
40. Kf3 d3 41. Ke4 Rd4+ 42. Ke3 Rc4 43. h3 d2 44. Rb2+ Kxb2 0-1

[Event "Olimpiade 2014 - Open"]
[Site "Tromsø"]
[Date "02.08.2014"]
[Round "1.75"]
[Board "2"]
[White "Kouevi, Mawuvi Koue"]
[Black "Tissir, Mohamed"]
[Result "0-1"]
[BlackTitle "IM"]
[WhiteElo "1841"]
[BlackElo "2366"]
[WhiteTeam "Togo"]
[BlackTeam "Morocco"]
[WhiteFideId "21200041"]
[BlackFideId "9000240"]
[EventDate "2014.08.02"]

1. d4 Nf6 2. Nf3 g6 3. Bf4 Bg7 4. c3 d6 5. h3 O-O 6. e3 b6 7. Bd3 Bb7 8. O-O
Nbd7 9. Nbd2 e5 10. dxe5 dxe5 11. Bxe5 Nxe5 12. Nxe5 Re8 13. Ndf3 Nd5 14. Ng4 h5
15. Ngh2 Qf6 16. Qc2 c5 17. Rad1 Re7 18. Be4 Nxe3 19. fxe3 Bxe4 20. Qb3 Bh6 21.
Rde1 Qd6 22. c4 Rae8 23. Rf2 Bxf3 24. Rxf3 Qd2 25. Rd1 Bxe3+ 26. Kh1 Qe2 27.
Rdf1 Rd8 28. Qb5 Rd2 29. Rg3 h4 30. Rg4 Rd1 31. Qc6 Rxf1+ 32. Nxf1 Qxf1+ 0-1

[Event "Olimpiade 2014 - Open"]
[Site "Tromsø"]
[Date "02.08.2014"]
[Round "1.75"]
[Board "3"]
[White "Onkoud, Abdelaziz"]
[Black "Fumey, Enyonam Sewa"]
[Result "1-0"]
[WhiteTitle "IM"]
[WhiteElo "2383"]
[BlackElo "1833"]
[WhiteTeam "Morocco"]
[BlackTeam "Togo"]
[WhiteFideId "9000283"]
[BlackFideId "21200033"]
[EventDate "2014.08.02"]

1. d4 Nf6 2. Nf3 c5 3. e3 d5 4. c4 Bg4 5. Qb3 Qb6 6. dxc5 Qxb3 7. axb3 Bxf3 8.
gxf3 Na6 9. cxd5 Nxc5 10. Bc4 a6 11. b4 Rc8 12. bxc5 Rxc5 13. b3 b5 14. Ba3 Rc8
15. Bd3 Nxd5 16. Ke2 b4 17. Bb2 Nc3+ 18. Nxc3 bxc3 19. Rac1 Rb8 20. Rxc3 a5 21.
Rhc1 1-0

[Event "Olimpiade 2014 - Open"]
[Site "Tromsø"]
[Date "02.08.2014"]
[Round "1.76"]
[Board "1"]
[White "Kabera, Godfrey"]
[Black "Omar, Noaman"]
[Result "0-1"]
[WhiteTitle "CM"]
[BlackTitle "IM"]
[WhiteElo "1909"]
[BlackElo "2350"]
[WhiteTeam "Rwanda"]
[BlackTeam "United Arab Emirates"]
[WhiteFideId "16000080"]
[BlackFideId "9300244"]
[EventDate "2014.08.02"]

1. d4 d5 2. c4 e6 3. Nc3 Be7 4. Nf3 Nf6 5. Bf4 O-O 6. e3 b6 7. Bd3 c5 8. Nb5 Na6
9. a3 Bb7 10. Be5 cxd4 11. exd4 dxc4 12. Bxc4 Nd5 13. Rc1 Qd7 14. Bd3 Rfd8 15.
h4 f5 16. Rh3 Bf6 17. Bh2 Qe7 18. Ne5 Nac7 19. Nxc7 Nxc7 20. Nc6 Bxc6 21. Rxc6
Nd5 22. Qe2 Re8 23. Be5 Rac8 24. Rxc8 Rxc8 25. Kd2 Rd8 26. Bc4 Bxh4 27. Qh5 Bg5+
28. Ke2 h6 29. Qf3 Bf6 30. Qg3 Bxe5 31. Qxe5 Qd6 32. Qxd6 Rxd6 33. Kd2 Nf4 34.
Rg3 Rxd4+ 35. Kc3 Rd6 36. Re3 Kf7 37. g3 Nd5+ 38. Bxd5 Rxd5 39. f4 Kf6 40. Kc4
g5 41. b3 a6 42. b4 b5+ 43. Kb3 Rd4 44. Rf3 h5 45. Kc3 Rc4+ 46. Kb3 g4 47. Re3
h4 48. gxh4 Rxf4 49. Kb2 Rf2+ 50. Kc1 Rf3 0-1